| 000 | 01632nam a2200325 c 4500 | ||
|---|---|---|---|
| 003 | BLK | ||
| 005 | 20180422113512.0 | ||
| 008 | 180410b bul|||||r ||||||| ||bul|| | ||
| 010 | _aKNG00164122000 | ||
| 040 | _aBLK | ||
| 041 |
_aBUL _cBUL |
||
| 080 |
_aИкономическо положение. Икономическа политика. Управление. Планиране. Производство. Услуги. Цени _b338 _x:91(075.8) _z338:91(075.8) |
||
| 100 | 1 |
_aКръстев, Красимир Иванов _eпърви автор _9368323 |
|
| 139 |
_aРегионална икономика _bР 44 |
||
| 245 | 1 | 0 |
_aРегионална икономика _bУч. помагало за студентите от ВИИ К. Маркс - София _cКрасимир Иванов Кръстев. |
| 257 | _aBGR | ||
| 260 |
_аСофия _bВИИ Карл Маркс _c1989 |
||
| 300 |
_a320 с _bс табл., сх. _c22 см |
||
| 380 | _a3 | ||
| 500 | _aДруги авт. : Сл. Славев, М. Генешки, Хр. Каракашев, П. Станев 10 089 тир. - Библиогр. под линия | ||
| 650 | 4 |
_aПроизводителни сили - териториално разпределение _9167978 |
|
| 650 | 4 |
_aИкономическо райониране _9309062 |
|
| 653 | _aнародно стопанство | ||
| 653 | _aучебници за ВУЗ | ||
| 852 | _aЦб 158620 | ||
| 856 | 4 |
_qpdf _u |
|
| 856 | 4 |
_qpdf _u |
|
| 942 |
_cKNG _n0 |
||
| 944 |
_aCR _c19.08.2014 _l19.08.2014 - от С1,Р / 19.08.2014 _kПавлина_Енева |
||
| 944 |
_aED _c19.08.2014 _l19.08.2014 - от С1,Р / 19.08.2014 _k |
||
| 999 |
_c157180 _d157180 |
||